Normal view
MARC view
- PRODUCTIVITY MANAGEMENT
Entry Topical Term
001 - CONTROL NUMBER
- control field: 60361
003 - CONTROL NUMBER IDENTIFIER
- control field: NUST
005 - DATE AND TIME OF LATEST TRANSACTION
- control field: 20210628202528.0
008 - FIXED-LENGTH DATA ELEMENTS
- fixed length control field: 210628|| aca||aabn | a|a d
040 ## - CATALOGING SOURCE
- Original cataloging agency: NUST
- Transcribing agency: NUST
150 ## - HEADING--TOPICAL TERM
- Topical term or geographic name entry element: PRODUCTIVITY MANAGEMENT
670 ## - SOURCE DATA FOUND
- Source citation: Work cat.: (NUST): Prokopenko, Joseph 12541, Productivity management, a practical handbook, 1999
